000
00310nam a2200133Ia 4500
008
240624s9999 xx 000 0 und d
041
_a
eng
082
_a
658.4092 DAF
100
_a
DAFT
245
_a
LEADERSHIP EXPERIENCE
250
_a
(6th ed.)
260
_a
New Delhi
_b
Cengage Learning
365
_c
RS
_b
27
999
_c
30842
_d
30842